Гимнастика чувств (Запись № 1730652)

Подробности
000 -МАРКЕР
контрольное поле 03369nam0a2200505 4500
001 - ИДЕНТИФИКАТОР ЗАПИСИ
контрольное поле RU\NLR\bibl\1494010
005 - ИДЕНТИФИКАТОР ВЕРСИИ
контрольное поле 20250616013729.0
010 ## - МЕЖДУНАРОДНЫЙ СТАНДАРТНЫЙ НОМЕР КНИГИ (ISBN)
Номер (ISBN) 978-5-9985-0544-7
Уточнения в обл.
Тираж 7000
021 ## - НОМЕР ГОСУДАРСТВЕННОЙ РЕГИСТРАЦИИ
Код страны Российская Федерация
Номер 2010-9873
Номер Листа государственной регистраци 650
035 ## - ДРУГИЕ СИСТЕМНЫЕ НОМЕРА
Идентификатор записи (nilc)IZD\AZBUKA-М\2007\Т08114
035 ## - ДРУГИЕ СИСТЕМНЫЕ НОМЕРА
Идентификатор записи IZD\AZBUKA-М\2007\Т08114
035 ## - ДРУГИЕ СИСТЕМНЫЕ НОМЕРА
Идентификатор записи (NLR Aleph) 001485532
100 ## - ДАННЫЕ ОБЩЕЙ ОБРАБОТКИ
Данные общей обработки 20100125d2010 |||y0rusy50 ca
101 0# - ЯЗЫК РЕСУРСА
Язык текста, звукозаписи и т.д. русский
102 ## - СТРАНА ПУБЛИКАЦИИ ИЛИ ПРОИЗВОДСТВА
Страна публикации Российская Федерация
105 ## - ПОЛЕ КОДИРОВАННЫХ ДАННЫХ: ТЕКСТОВЫЕ МАТЕРИАЛЫ, МОНОГРАФИЧЕСКИЕ
Кодированные данные о монографическом текстовом документе y z |||||
200 1# - ЗАГЛАВИЕ И СВЕДЕНИЯ ОБ ОТВЕТСТВЕННОСТИ
Основное заглавие Гимнастика чувств
Сведения, относящиеся к заглавию тренинг актерского мастерства
Первые сведения об ответственности С.В. Гиппиус
205 ## - СВЕДЕНИЯ ОБ ИЗДАНИИ
Сведения об издании 4-е изд. перераб. и дополн.
210 ## - ПУБЛИКАЦИЯ, РАСПРОСТРАНЕНИЕ И ДР.
Место издания, распространения и т.д. Санкт-Петербург
Имя издателя, распространителя и т. д. Веды
Дата издания, распространения и т.д. 2010
215 ## - ФИЗИЧЕСКАЯ ХАРАКТЕРИСТИКА
Специфическое обозначение материала и объем 383 с.
Размеры 18
225 1# - СЕРИЯ
Основное заглавие серии 100%-ный способ
300 ## - ОБЩИЕ ПРИМЕЧАНИЯ
Текст примечания К юбилею авт.
330 ## - РЕЗЮМЕ ИЛИ РЕФЕРАТ
Текст примечания Это новое издание = четвертое, переработанное, дополненное и исправленное = той самой знаменитой <Гимнастики чувств>, по которой в течение 50 лет учились и учатся все актеры. Издание посвящается 85-летию со дня рождения С. В. Гиппиуса, одного из ведущих теоретиков и практиков преподавания актерского мастерства. Эта книга = плод полувекового труда автора, 400 удобно систематизированных, четко прописанных упражнений, направленных на развитие творческого аппарата, психологический тренинг актера. С момента выхода первого издания в 1967 году <Гимнастика чувств> постоянно широко используется не только театральными педагогами, но и многими преподавателями, психологами, актерами, ведущими любых тренингов. Книга впервые выпущена в удобном карманном формате и доступной по цене.
517 0# - ДРУГИЕ ВАРИАНТЫ ЗАГЛАВИЯ
Вариант заглавия Тренинг актерского мастерства
606 1# - НАИМЕНОВАНИЕ ТЕМЫ КАК ПРЕДМЕТ
Наименование темы Актерское искусство
Системный номер авторитетной/нормативной записи 2100517
Идентификатор авторитетной/нормативной записи RU\NLR\auth\661270415
606 1# - НАИМЕНОВАНИЕ ТЕМЫ КАК ПРЕДМЕТ
Наименование темы Актерское искусство
Тематический подзаголовок Преподавание
Системный номер авторитетной/нормативной записи 2381052
Идентификатор авторитетной/нормативной записи RU\NLR\auth\661420626
606 1# - НАИМЕНОВАНИЕ ТЕМЫ КАК ПРЕДМЕТ
Наименование темы Актерское искусство
Тематический подзаголовок Психологические основы
Системный номер авторитетной/нормативной записи 2372328
Идентификатор авторитетной/нормативной записи RU\NLR\auth\661415952
686 ## - ИНДЕКСЫ ДРУГИХ КЛАССИФИКАЦИЙ
Индекс 00161
-- Психологические тренинги
Код системы
686 ## - ИНДЕКСЫ ДРУГИХ КЛАССИФИКАЦИЙ
Индекс 0873
-- Театр
Код системы
686 ## - ИНДЕКСЫ ДРУГИХ КЛАССИФИКАЦИЙ
Индекс 85.330.76
Издание LBC/LR
Код системы
686 ## - ИНДЕКСЫ ДРУГИХ КЛАССИФИКАЦИЙ
Индекс Щ334.076.2я73-1
Код системы
686 ## - ИНДЕКСЫ ДРУГИХ КЛАССИФИКАЦИЙ
Индекс Щ334.076
700 #1 - ИМЯ ЛИЦА - ПЕРВИЧНАЯ ОТВЕТСТВЕННОСТЬ
Начальный элемент ввода Гиппиус
Часть имени, кроме начального элемента ввода С. В.
Даты 1924-1981
Расширение инициалов личного имени Сергей Васильевич
Код отношения Автор
801 #0 - ИСТОЧНИК ЗАПИСИ
Страна Российская Федерация
Организация ЛИБНЕТ
Дата составления 20100125
Правила каталогизации RCR
801 #1 - ИСТОЧНИК ЗАПИСИ
Страна Российская Федерация
Организация ЛИБНЕТ
Дата составления 20100125
801 #2 - ИСТОЧНИК ЗАПИСИ
Страна Российская Федерация
Организация Тверская ОУНБ
Дата составления 20100227
801 #2 - ИСТОЧНИК ЗАПИСИ
Страна Российская Федерация
Организация РГБ
Дата составления 20100212
801 #2 - ИСТОЧНИК ЗАПИСИ
Страна Российская Федерация
Организация NLR
Дата составления 20100402
Правила каталогизации rcr
830 ## - ОБЩЕЕ ПРИМЕЧАНИЕ, СОСТАВЛЕННОЕ КАТАЛОГИЗАТОРОМ
Текст примечания авт. по кн.
830 ## - ОБЩЕЕ ПРИМЕЧАНИЕ, СОСТАВЛЕННОЕ КАТАЛОГИЗАТОРОМ
Текст примечания CODE_OF_LIBNET\000046499
942 ## - ДОПОЛНИТЕЛЬНЫЕ ЭЛЕМЕНТЫ ЗАПИСИ (АБИС)
Тип экземпляра АБИС Книга
980 ## - КОЛЛЕКЦИЯ
Название коллекции Национальная библиография
Экземпляры
Тип экземпляра Дата поступления Источник поступления Библиотека постоянного хранения Библиотека текущего хранения Место хранения Шифр хранения Штрих-код Статус экземпляра
Книга 02.04.2010 Обязательный экземпляр РНБ (Московский) РНБ (Московский) Русский книжный фонд: издания с 1957 года 2010-3/10789 1-2505751  
Книга 02.04.2010 Обязательный экземпляр РНБ (Московский) РНБ (Московский) Русский книжный фонд: издания с 1957 года 2010-3/10789 1-2228626